|
|
|
|
| LEADER |
01061cam a2200253 7i4500 |
| 001 |
0000033309 |
| 005 |
20200619090000.0 |
| 020 |
|
|
|a 9834266219 (pbk.)
|
| 020 |
|
|
|a 9789834266219
|
| 090 |
0 |
0 |
|a H538
|b .E54 2006
|
| 245 |
0 |
0 |
|a Enhancing quality of faculty in private higher education institutions in Malaysia
|c editors Muhamad Jantan ... [et al.].
|
| 260 |
|
|
|a Penang:
|b National Higher Education Research Institute,
|c 2006.
|
| 300 |
|
|
|a 187 p.:
|b ill.;
|c 22 cm.
|
| 490 |
1 |
|
|a Higher education research monograph;
|v v. 9/2006
|
| 650 |
0 |
0 |
|a Education, Higher --
|x Aims and objectives --
|z Malaysia
|
| 650 |
0 |
0 |
|a Private universities and colleges --
|x Administration --
|z Malaysia
|
| 650 |
0 |
0 |
|a Academic leadership
|
| 650 |
0 |
0 |
|a Privatization in education --
|z Malaysia
|
| 650 |
0 |
0 |
|a Educational leadership
|
| 700 |
1 |
|
|a Muhamad Jantan
|
| 700 |
1 |
|
|a Morshidi Sirat
|
| 710 |
2 |
|
|a Institut Penyelidikan Pendidikan Tinggi Negara
|
| 999 |
|
|
|a 0000033300
|b BOK
|c OPEN SHELF
|e 1st Floor, Bestari Jaya
|
| 999 |
|
|
|a 0000069329
|b BOK
|c OPEN SHELF
|e 1st Floor, Bestari Jaya
|